Normal view MARC view
  • Supervised Dr. Yousaf Habib.

Entry Personal Name

Number of records used in: 2

001 - CONTROL NUMBER

  • control field: 19786

003 - CONTROL NUMBER IDENTIFIER

  • control field: NUST

005 - DATE AND TIME OF LATEST TRANSACTION

  • control field: 20190831163705.0

008 - FIXED-LENGTH DATA ELEMENTS

  • fixed length control field: 190831|| aca||aabn | a|a d

040 ## - CATALOGING SOURCE

  • Original cataloging agency: NUST
  • Transcribing agency: NUST

100 ## - HEADING--PERSONAL NAME

  • Personal name: Supervised Dr. Yousaf Habib.

670 ## - SOURCE DATA FOUND

  • Source citation: Work cat.: (NUST): Mustafa, Rafay 17119, Experimental Behaviour of some Symplectic and G-symplectic Methods for the Numerical Solution of Conservative Systems /, 2013.
© 2023 Central Library, National University of Sciences and Technology. All Rights Reserved.